| 000 | 00729nam a2200205Ia 4500 | ||
|---|---|---|---|
| 003 | GCL | ||
| 008 | 140319s9999 xx 000 0 ara d | ||
| 040 |
_aGCL / _cGCL |
||
| 082 | 0 | 4 |
_a958.1 _bا ا |
| 100 | 1 | _aاحمد محمود الساداتى | |
| 245 | 1 | 0 |
_aافغانستان قلعة الاسلام الشامخة لقلب اسيا تاريخها وكفاحها ضد الاستعمار فى العصر الحديث / _cاحمد محمود الساداتى |
| 260 |
_a[S.N] : _bمكتبة الاداب ، _c1981 |
||
| 300 | _a45 ص | ||
| 490 | _a | ||
| 650 | 0 | 4 | _aالعصر الحديث |
| 650 | 0 | 4 | _aتاريخ |
| 650 | 0 | 4 | _aافغانستان |
| 650 | 0 | 4 | _aجمال الدين الافغانى |
| 942 |
_2ddc _cBK |
||
| 999 |
_c36712 _d36712 |
||